书目信息 |
| 题名: |
造型艺术中的形式问题
|
|
| 作者: | 希尔德勃兰特 著 ;潘耀昌 译 | |
| 分册: | ||
| 出版信息: | 北京 中国人民大学出版社 2004.06 |
|
| 页数: | 122页 | |
| 开本: | 23cm | |
| 丛书名: | 朗朗书房 | |
| 单 册: | ||
| 中图分类: | J306 | |
| 科图分类: | ||
| 主题词: | 雕塑理论--造型(艺术)--研究 | |
| 电子资源: | ||
| ISBN: | 7-300-05554-0 | |
| 000 | 01137nam 2200277 450 | |
| 001 | 0134401062 | |
| 005 | 20051014100154.17 | |
| 010 | @a7-300-05554-0@dCNY14.80 | |
| 100 | @a20050409d2004 km y0chiy0121 ea | |
| 101 | 1 | @achi@cger |
| 102 | @aCN@b110000 | |
| 105 | @aa z 000yy | |
| 200 | 1 | @a造型艺术中的形式问题@Azao xing yi shu zhong de xing shi wen ti@f(德)阿道夫·希尔德勃兰特(Adolf Von Hilderbrand)著@F(de)a dao fu·xi er de bo lan te(Adolf Von Hilderbrand)zhu@g潘耀昌等译@Gpan yao chang deng yi |
| 210 | @a北京@c中国人民大学出版社@d2004.06 | |
| 215 | @a122页@c图@d23cm | |
| 225 | 2 | @a朗朗书房@i西方艺术史论名著 |
| 330 | @a本书作者提出了一个以古典时代遵循的艺术规则为基础的审美体系,探讨了雕塑的结构、手法等纯形式问题,几乎完全不涉及作品的思想内涵和具体内容问题。 | |
| 410 | 0 | @12001 @a朗朗书房 |
| 410 | 0 | @12001 @a西方艺术史论名著 |
| 510 | 1 | @aDas Problem der Form in der Bildenden Kunst@zeng |
| 606 | 0 | @a雕塑理论@x造型(艺术)@x研究 |
| 690 | @aJ306@v4 | |
| 701 | 1 | @a希尔德勃兰特@Axi er de bo lan te@b阿道夫@4著 |
| 702 | 0 | @a潘耀昌@Apan yao chang@4译 |
| 801 | 0 | @aCN@bQSSK@c20051014 |
| 905 | @a10447@dJ306@eX118 | |
| 造型艺术中的形式问题/(德)阿道夫·希尔德勃兰特(Adolf Von Hilderbrand)著/潘耀昌等译.-北京:中国人民大学出版社,2004.06 |
| 122页:图;23cm.-(朗朗书房.西方艺术史论名著) |
| ISBN 7-300-05554-0:CNY14.80 |
| 本书作者提出了一个以古典时代遵循的艺术规则为基础的审美体系,探讨了雕塑的结构、手法等纯形式问题,几乎完全不涉及作品的思想内涵和具体内容问题。 |
| ● |
| 相关链接 |
|
|
|
正题名:造型艺术中的形式问题
索取号:J306/X118
 
预约/预借
| 序号 | 登录号 | 条形码 | 馆藏地/架位号 | 状态 | 备注 |
| 1 | 568611 | 205686113 | 社科库309/309社科库 81排3列4层/ [索取号:J306/X118] | 在馆 | |
| 2 | 568612 | 205686122 | 社科库309/309社科库 81排3列4层/ [索取号:J306/X118] | 在馆 | |
| 3 | 568613 | 205686131 | 社科库309/309社科库 81排3列4层/ [索取号:J306/X118] | 在馆 |